00329nam a2200133Ia 4500008004100000082001600041100001700057245003600074250000800110260002900118300000800147500002400155650001600179230524s9999 xx 000 0 und d a621.19bKUM aT.Anil Kumar 0aNetworks and Transmission Lines a1ST aNEW DELHIbPearsonc2004 a234 aQuantity Number: 2 aElectronics